000 00563nam a2200181Ia 4500
008 100917s9999 xx 000 0 und d
082 _b55380
100 _aचिपळूणकर गो. वि.
245 _aगुणसंपदा
260 _bपुणे अनाथ विद्यार्थी गृह प्रकाशन
_c1979
300 _a96
365 _b6
520 _aबालविभाग
630 _aगुणसंपदा
650 _aबालविभाग
730 _aगुणसंपदा
942 _cBOOK
999 _c660774
_d660771